Wawasan Pentadbiran Awam Malaysia = Vision of Malaysia's Public Administration : Selected Speeches of Tan Sri Dato' Seri Ahmad Sarji bin Abdul Hamid, Chief Secretary of the Government, Malaysia / (Record no. 27197)

000 -LEADER
fixed length control field 01390nam a22003017a 4500
001 - CONTROL NUMBER
control field 0000003124
003 - CONTROL NUMBER IDENTIFIER
control field PPM
005 - DATE AND TIME OF LATEST TRANSACTION
control field 20260416111625.0
008 - FIXED-LENGTH DATA ELEMENTS--GENERAL INFORMATION
fixed length control field 260416b ||||| |||| 00| 0 eng d
020 ## - INTERNATIONAL STANDARD BOOK NUMBER
International Standard Book Number 6979933415
Terms of availability RM 36.00
Qualifying information Paperback
035 ## - SYSTEM CONTROL NUMBER
System control number 0000003124
040 ## - CATALOGING SOURCE
Language of cataloging Eng
Transcribing agency Pusat Penyelidikan Mineral, Jabatan Mineral Dan Geosains Malaysia
Modifying agency PPM
Description conventions RDA
082 00 - DEWEY DECIMAL CLASSIFICATION NUMBER
Edition number 19
Classification number 354.5950
Item number AHM 1994
100 1# - MAIN ENTRY--PERSONAL NAME
Personal name Ahmad Sarji Abdul Hamid, Tan Sri, Dato' Seri,
Dates associated with a name 1938-
Relator term author
245 10 - TITLE STATEMENT
Title Wawasan Pentadbiran Awam Malaysia = Vision of Malaysia's Public Administration : Selected Speeches of Tan Sri Dato' Seri Ahmad Sarji bin Abdul Hamid, Chief Secretary of the Government, Malaysia /
Statement of responsibility, etc. by Ahmad Sarji bin Abdul Hamid
260 #1 - PUBLICATION, DISTRIBUTION, ETC.
Place of publication, distribution, etc. Kuala Lumpur :
Name of publisher, distributor, etc. Institut Tadbiran Awam Negara (INTAN) ,
Date of publication, distribution, etc. 1994
300 00 - PHYSICAL DESCRIPTION
Extent xxxv, 635 pages .:
Other physical details some colour, table, illustrations .;
Dimensions 21 cm
500 ## - GENERAL NOTE
General note Judul kecil tulang buku : Koleksi ucapan-ucapan dalam tahun 1993 Ahmad Sarji bin Abdul Hamid
501 ## - WITH NOTE
With note Teks bahasa Malaysia dan Inggeris
504 ## - BIBLIOGRAPHY, ETC. NOTE
Bibliography, etc. note Mengandungi indeks (p.: 625 - 635 )
650 10 - SUBJECT ADDED ENTRY--TOPICAL TERM
Topical term or geographic name entry element Public administration
Geographic subdivision Malaysia
650 20 - SUBJECT ADDED ENTRY--TOPICAL TERM
Topical term or geographic name entry element Civil service
Geographic subdivision Malaysia
650 20 - SUBJECT ADDED ENTRY--TOPICAL TERM
Topical term or geographic name entry element Government executives
Geographic subdivision Malaysia
650 20 - SUBJECT ADDED ENTRY--TOPICAL TERM
Topical term or geographic name entry element Administrative agencies
Geographic subdivision Malaysia
650 20 - SUBJECT ADDED ENTRY--TOPICAL TERM
Topical term or geographic name entry element Executive departments
Geographic subdivision Malaysia
710 2# - ADDED ENTRY--CORPORATE NAME
Corporate name or jurisdiction name as entry element Institut Tadbiran Awam Negara
942 ## - ADDED ENTRY ELEMENTS (KOHA)
Source of classification or shelving scheme
Koha item type Books
Holdings
Withdrawn status Lost status Source of classification or shelving scheme Damaged status Not for loan Collection code Permanent Location Current Location Shelving location Date acquired Cost, normal purchase price Total Checkouts Full call number Date last seen Price effective from Koha item type
Available         Open Shelf PPM PPM Open Shelf 16/04/2026 36.00   354.5950 AHM 1994 16/04/2026 16/04/2026 Books